Normal view
MARC view
- Schein, Peter A.
Entry Personal Name
001 - CONTROL NUMBER
- control field: 96590
003 - CONTROL NUMBER IDENTIFIER
- control field: NUST
005 - DATE AND TIME OF LATEST TRANSACTION
- control field: 20220806160016.0
008 - FIXED-LENGTH DATA ELEMENTS
- fixed length control field: 220806|| aca||aabn | a|a d
040 ## - CATALOGING SOURCE
- Original cataloging agency: NUST
- Transcribing agency: NUST
100 ## - HEADING--PERSONAL NAME
- Personal name: Schein, Peter A.
670 ## - SOURCE DATA FOUND
- Source citation: Work cat.: (NUST)0: Schein, Edgar H., author. 4140, Humble inquiry :
